Online katalóg knižníc regiónu Turca

Grilovanie (Record no. 20679)

MARC details
000 -LEADER
fixed length control field 01468nam a2200433 a 4500
001 - CONTROL NUMBER
control field 20679
003 - CONTROL NUMBER IDENTIFIER
control field VRT
005 - DATE AND TIME OF LATEST TRANSACTION
control field 20260129112850.0
008 - FIXED-LENGTH DATA ELEMENTS--GENERAL INFORMATION
fixed length control field 251113s2001 xo a r 0 slo
015 ## - NATIONAL BIBLIOGRAPHY NUMBER
National bibliography number SNBA2002/01-00009
020 ## - INTERNATIONAL STANDARD BOOK NUMBER
International Standard Book Number 8055100888
035 ## - SYSTEM CONTROL NUMBER
System control number SNK000372836
039 #9 - LEVEL OF BIBLIOGRAPHIC CONTROL AND CODING DETAIL [OBSOLETE]
Level of rules in bibliographic description 202511131516
Level of effort used to assign nonsubject heading access points VLOAD
Level of effort used to assign subject headings 202510310904
Level of effort used to assign classification VLOAD
Level of effort used to assign subject headings 202403151903
Level of effort used to assign classification VLOAD
Level of effort used to assign subject headings 201603241039
Level of effort used to assign classification VLOAD
040 ## - CATALOGING SOURCE
Original cataloging agency SNK
Language of cataloging slo
Transcribing agency SNK
Description conventions AACR2
041 0# - LANGUAGE CODE
Language code of text/sound track or separate title slo
044 ## - COUNTRY OF PUBLISHING/PRODUCING ENTITY CODE
MARC country code xo
ISO country code SK
080 ## - UNIVERSAL DECIMAL CLASSIFICATION NUMBER
Universal Decimal Classification number 641.5(083.12)
Edition identifier 1981
100 1# - MAIN ENTRY--PERSONAL NAME
Personal name Spieler, Marlena
Relationship aut
240 10 - UNIFORM TITLE
Uniform title Barbecue
Language of a work Slovensky
245 1# - TITLE STATEMENT
Title Grilovanie
Statement of responsibility, etc. Marlena Spielerová ; [z anglického originálu preložila Marta Gnipová]
260 ## - PUBLICATION, DISTRIBUTION, ETC.
Place of publication, distribution, etc. Bratislava
Name of publisher, distributor, etc. Ikar
Date of publication, distribution, etc. 2001
300 ## - PHYSICAL DESCRIPTION
Extent 71 s.
Other physical details fareb. fotogr.
Dimensions 18 cm
490 1# - SERIES STATEMENT
Series statement Prémiová knižnica
500 ## - GENERAL NOTE
General note Fotogr. na tit. strane a front.
500 ## - GENERAL NOTE
General note Údaj o prekl. prevzatý z rubu tit. strany
500 ## - GENERAL NOTE
General note Vyd. pre Media klub, Bratislava
504 ## - BIBLIOGRAPHY, ETC. NOTE
Bibliography, etc. note Reg.
650 07 - SUBJECT ADDED ENTRY--TOPICAL TERM
Topical term or geographic name entry element grilované jedlá
Source of heading or term SNK
655 #7 - INDEX TERM--GENRE/FORM
Genre/form data or focus term príručky
Source of term SNK
700 1# - ADDED ENTRY--PERSONAL NAME
Personal name Gnipová, Marta
Relationship trl
710 0# - ADDED ENTRY--CORPORATE NAME
Corporate name or jurisdiction name as entry element Media klub
Relationship vyd
730 ## - ADDED ENTRY--UNIFORM TITLE
Title of a work Barbecue
830 #0 - SERIES ADDED ENTRY--UNIFORM TITLE
Uniform title Prémiová knižnica
942 ## - ADDED ENTRY ELEMENTS (KOHA)
Source of classification or shelving scheme Dewey Decimal Classification
Koha item type Odborná literatúra pre dospelých
Suppress in OPAC No
949 ## - LOCAL PROCESSING INFORMATION (OCLC)
6 17A0316972
9 P60, <03>, [BOOK], {603}
a snkSD 71842
b snkKSP 11734/2001
949 ## - LOCAL PROCESSING INFORMATION (OCLC)
6 17A0322230
9 P60, <06>, [BOOK], {606}
a snkSD 71842 D1
b snkKSP 12908/2001
949 ## - LOCAL PROCESSING INFORMATION (OCLC)
6 273K0116586
a svkpoA 180378
b svkpo449522
Holdings
Stav vyradenia Strata Poškodenie Spôsob nadobudnutia Domovská knižnica Aktuálna knižnica Dátum nadobudnutia Total checkouts Čiarový kód exemplára Date last seen Typ exemplára
      Dar Obecná knižnica Horná Štubňa Obecná knižnica Horná Štubňa 29.01.2026   9788055100883 29.01.2026 Odborná literatúra pre dospelých
Projekt je podporený Slovenskou asociáciou knižníc
Prevádzkuje Turčianska knižnica Martin 2026